|
|
|
|
| LEADER |
00000nam0a2200000 4500 |
| 001 |
311155 |
| 005 |
20231102002346.0 |
| 020 |
|
|
|a RU
|b 82-23481
|
| 035 |
|
|
|a (RuTPU)RU\TPU\book\336510
|
| 090 |
|
|
|a 311155
|
| 100 |
|
|
|a 20151203d1982 km y0rusy5003 ca
|
| 101 |
0 |
|
|a rus
|
| 102 |
|
|
|a RU
|
| 105 |
|
|
|a a z 001zy
|
| 200 |
1 |
|
|a Методы анализа мультипрограммных систем
|f В. А. Балыбердин
|g под ред. С. Д. Пашкеева
|
| 210 |
|
|
|a Москва
|c Радио и связь
|d 1982
|
| 215 |
|
|
|a 152 с.
|c ил.
|
| 606 |
1 |
|
|a Вычислительные системы
|x Мультипрограммирование
|2 stltpush
|3 (RuTPU)RU\TPU\subj\4289
|9 32576
|
| 610 |
1 |
|
|a мультипрограммные системы
|
| 610 |
1 |
|
|a методы анализа
|
| 610 |
1 |
|
|a решение на ЭВМ
|
| 610 |
1 |
|
|a математический аппарат
|
| 610 |
1 |
|
|a пакетная обработка
|
| 610 |
1 |
|
|a информация
|
| 610 |
1 |
|
|a системы с распределением времени
|
| 610 |
1 |
|
|a мультипроцессорные системы
|
| 675 |
|
|
|a 681.324.01
|z rus
|v 3
|
| 700 |
|
1 |
|a Балыбердин
|b В. А.
|g Валерий Алексеевич
|4 070
|
| 702 |
|
1 |
|a Пашкеев
|b С. Д.
|4 340
|
| 801 |
|
0 |
|a RU
|b RuMRKP
|c 19950704
|g psbo
|
| 801 |
|
1 |
|a RU
|b 63413507
|c 20151203
|
| 801 |
|
2 |
|a RU
|b 63413507
|c 20191014
|g RCR
|
| 942 |
|
|
|c BK
|